Prénoms de garçons les plus populaires au Québec en 2021 - Statistiques

Statistiques générales
  • Ce quiz a été pris 209 fois
  • Le résultat moyen est 46 sur 100
Statistiques - réponses
Réponse % Correct
Gabriel
78%
William
77%
Léo
76%
Thomas
76%
Louis
75%
Alexandre
74%
Jules
74%
Antoine
70%
Charles
69%
Julien
67%
Mathis
67%
Nathan
66%
Olivier
66%
Théo
66%
Alexis
65%
Paul
65%
Sam
65%
Louka
63%
Luca
63%
Lucas
63%
Noah
63%
Rafaël
63%
Raphaël
63%
Samuel
63%
Nicolas
62%
Xavier
61%
Zack
61%
Arthur
60%
Liam
60%
Lyam
60%
Anthony
58%
Mateo
58%
Matheo
58%
Matteo
58%
Tom
58%
Benjamin
57%
Félix
57%
Léon
57%
David
56%
Eli
56%
Émile
55%
Philippe
55%
Zachary
53%
Zackary
53%
Ethan
49%
Henri
49%
Édouard
48%
Eliot
46%
Eliott
46%
Elliot
46%
Victor
46%
Laurent
44%
Maxence
44%
Jacob
42%
Justin
42%
Arnaud
41%
Adrien
40%
James
40%
Adam
39%
Albert
39%
Enzo
39%
Jack
39%
Clément
38%
Loïc
37%
Théodore
37%
Charlie
36%
Éloi
36%
Logan
35%
Daniel
34%
Léonard
34%
Tristan
34%
Ayden
33%
Evan
33%
Hayden
33%
Nolan
33%
Axel
32%
Jayden
29%
Jordan
29%
Ludovic
29%
Dylan
28%
Florent
28%
Hubert
28%
Isaac
28%
Jackson
25%
Caleb
24%
Milan
24%
Elias
21%
Rayan
21%
Ryan
21%
Auguste
20%
Maël
20%
Robin
19%
Milo
18%
Malik
17%
Roméo
16%
Jake
15%
Mayson
14%
Tyler
13%
Kayden
12%
Lionel
9%
Aucun quiz correspondant
Distribution des résultats
% des personnes avec chaque résultat
Percentile par nombre de réponses
Votre historique - résultats
Vous n’avez pas pris ce quiz